Chap 12: défaillance de marché (asymétrie et externalité) - Statistiques

Statistiques générales
  • Ce quiz a été pris 22 fois
  • Le résultat moyen est 3 sur 15
Statistiques - réponses
Question Réponse % Correct
Quelle est la situation dans laquelle un individu détient davantage d'informations qu'un autre sur un bien ou sur les états de la nature? Asymétrie
75%
Quelle est la définition d'asymétrie dans le contexte du chapitre? Différence d'information générant des comportements opportunistes
75%
Quel effet se produit lorsque les individus modifient leur comportement une fois assurés? Aléa moral
50%
Qui a étudié les relations d'échange entre agents en tenant compte des contraintes institutionnelles et informationnelles? O. Hart
50%
Quelle est la définition d'une externalité négative? Détérioration de l'utilité d'un agent par un autre sans transaction marchande
25%
Qu'est-ce qu'une externalité, selon la définition du chapitre? Effets induits par le comportement d'un agent économique sur un autre agent économique en l'absence de transaction marchande
25%
Qu'est-ce que la théorie de l'agence examine selon M.C. Jensen? Le conflit entre propriétaire et gestionnaire
25%
Qu'est-ce qu'une externalité de réseau? Effet positif pour l'agent lorsque les autres agents adoptent également le bien ou le réseau
0%
Quel économiste a introduit le concept d'externalité et exploré les moyens d'atténuer les inefficacités du marché causées par ces externalités? G. Akerlof
0%
Qu'est-ce que la sélection adverse, selon G. Akerlof? Lorsque les individus à haut risque sont plus enclins à souscrire une assurance
0%
Dans quel contexte Akerlof a étudié le marché d'occasion présentant une asymétrie de l'information? Marché des voitures d'occasion
0%
Quelle méthode évalue la valeur économique des externalités en mesurant les conséquences économiques d'une action? Méthode indirecte
0%
Quel économiste a remis en question l'idée selon laquelle les externalités nécessitent systématiquement une intervention gouvernementale? R. Coase
0%
Comment les compagnies d'assurance gèrent-elles le risque lié à la sélection adverse? Toutes les réponses ci-dessus
0%
Comment est composée la valeur économique totale des externalités? Valeur d'usage directe + Valeur d'option + Valeur de non-usage
0%
Aucun quiz correspondant
Distribution des résultats
% des personnes avec chaque résultat
Percentile par nombre de réponses
Votre historique - résultats
Vous n’avez pas pris ce quiz